000
00316nam a2200121Ia 4500
005
20260328101446.0
008
260328s9999||||xx |||||||||||||| ||und||
100
_a
Torres Mendez, Ramón
245
0
_a
Costumbres Neogranadinas /
_c
Ramón Torres Mendez
260
_b
Ediciones Sol y Luna
650
_a
ARTE
942
_c
BK
999
_c
8485
_d
8485